000 00680nam a2200253Ia 4500
003 OSt
005 20220912151111.0
006 a|||||r|||| 00| 0
007 ta
008 220909b |||||||| |||| 00| 0 eng d
024 _a42581
037 _cTextual
040 _aCSL
_beng
_cCSL
041 _aeng
082 _aG:66, K03
100 _aKelly Peter
245 0 _aEvolution and its implications
260 _aOxford
_bPergamon Press
_c1962
300 _ax, 174p.
_ccm.
490 _aInternational series of monographs on pure and applied biology; 4
650 _aEvolution
942 _hG:66, K03
_cTEXL
_2CC
999 _c61169
_d61169